MARC

LEADER 00000nam0a2200000 4500
001 8829
005 20231030182111.0
010 |a 5020152129 
035 |a (RuTPU)RU\TPU\book\8879 
035 |a BOOK00008939 
090 |a 8829 
100 |a 20011209d1997 k y0rusy50 ca 
101 0 |a rus 
102 |a RU 
105 |a y z 000zy 
200 1 |a Нелинейные колебания и волны  |e Монография  |f П. С. Ланда 
210 |a Москва  |c Наука  |c Физматлит  |d 1997 
215 |a 496 с. 
610 1 |a нелинейные колебания 
610 1 |a волны 
610 1 |a нелинейная динамика 
610 1 |a солитоны 
610 1 |a синергетика 
610 1 |a сложные системы 
610 1 |a модели 
610 1 |a турбулентность 
675 |a 534.1  |v 3 
700 1 |a Ланда  |b П. С.  |g Полина Соломоновна 
801 0 |a RU  |b 63413507  |c 20011209  |g PSBO 
801 2 |a RU  |b 63413507  |c 20140401  |g PSBO 
942 |c BK